000 00854nam a2200241 a 4500
005 20210223125345.0
008 040423s2001 ag r 000 0 spa d
020 _a9507244808
035 _aUPN01000133094
049 _aCG
050 4 _aHV40
_bA4.3 2001
100 1 _aAguilar Idáñez, María José
_928676
245 1 0 _aDiagnóstico social :
_bconceptos y metodología /
_cMaría José Aguilar Idáñez, Ezequiel Ander-Egg.
250 _a2a ed. rev. y aum.
260 _aBuenos Aires :
_bLumen-Hvmanitas,
_c2001.
300 _a140 p. :
_bcuadros
440 0 _aPolítica, servicios y trabajo social
590 _a(También localizas un ejemplar en el "Area de Reserva")
590 _aBibliografía Básica (BGTQ)
650 4 _aSERVICIO SOCIAL -
_xINVESTIGACION
_917418
700 1 _aAnder-Egg, Ezequiel,
_d1930-
_ecoaut.
_928724
905 _aLibro
999 _c105247
_d105247